000 00308nam a2200109Ia 4500
008 220204s9999 xx 000 0 und d
082 _a339.138
_bGUI
245 0 _aGuide to the market of the federal republic of Germany
250 _aEd.2
260 _aBangkok
_bEconomic and Social Economic
_c1981
942 _cBK
999 _c36290
_d36290